Can tapping panel dryness of rubber (Hevea brasiliensis) be minimised at field level with better management ? (Record no. 55072)

MARC details
000 -LEADER
fixed length control field 00643nam a2200217Ia 4500
100 ## - MAIN ENTRY--AUTHOR NAME
Personal name Senevirathna A M Q K
245 #0 - TITLE STATEMENT
Title Can tapping panel dryness of rubber (Hevea brasiliensis) be minimised at field level with better management ?
260 ## - PUBLICATION, DISTRIBUTION, ETC. (IMPRINT)
Name of publisher Journal of the Rubber Research Institute of Sri Lanka
Year of publication 2007
300 ## - PHYSICAL DESCRIPTION
Number of Pages 77-87
520 ## - SUMMARY, ETC.
Summary, etc DL
650 ## - SUBJECT ADDED ENTRY--TOPICAL TERM
Topical Term Full dry
650 ## - SUBJECT ADDED ENTRY--TOPICAL TERM
Topical Term Partial dry
650 ## - SUBJECT ADDED ENTRY--TOPICAL TERM
Topical Term Physical factors
650 ## - SUBJECT ADDED ENTRY--TOPICAL TERM
Topical Term Tapping panel dryness
650 ## - SUBJECT ADDED ENTRY--TOPICAL TERM
Topical Term TPD
700 ## - ADDED ENTRY--PERSONAL NAME
Personal name Perera S A P S
700 ## - ADDED ENTRY--PERSONAL NAME
Personal name Wijesinghe A K H S
700 ## - ADDED ENTRY--PERSONAL NAME
Personal name Wilbert S
942 ## - ADDED ENTRY ELEMENTS (KOHA)
Koha item type Journals
Holdings
Withdrawn status Lost status Damaged status Not for loan Home library Current library Shelving location Date acquired Serial Enumeration / chronology Koha item type
      Journals RRII Library RRII Library Plant physiology 19/09/2008 Volume 88, Issue Journals